JHARKHAND KE 50 KRANTIKARI (Record no. 8782)

MARC details
000 -LEADER
fixed length control field 00367nam a22001457a 4500
005 - DATE AND TIME OF LATEST TRANSACTION
control field 20250904124818.0
008 - FIXED-LENGTH DATA ELEMENTS--GENERAL INFORMATION
fixed length control field 250904b |||||||| |||| 00| 0 eng d
020 ## - INTERNATIONAL STANDARD BOOK NUMBER
ISBN 978-93-95386-07-4
041 ## - LANGUAGE CODE
Language code of text/sound track or separate title eng
100 ## - MAIN ENTRY--AUTHOR NAME
Personal name KRISHNA, SHRE SANJAY
245 ## - TITLE STATEMENT
Title JHARKHAND KE 50 KRANTIKARI
260 ## - PUBLICATION, DISTRIBUTION, ETC. (IMPRINT)
Place of publication NEW DELHI
Name of publisher PRABHAT PRAKASHAN
Year of publication 2024
300 ## - PHYSICAL DESCRIPTION
Number of Pages 104;P
942 ## - ADDED ENTRY ELEMENTS (KOHA)
Koha item type Books
Holdings
Lost status Damaged status Home library Current library Shelving location Date acquired Source of acquisition Cost, normal purchase price Accession Number Koha item type
    JRU Library JRU Library NEW ARRIVAL SHELF 04/09/2025 DONATION 500.00 0076/D Books